| 000 | 00561nam a2200181 i 4500 | ||
|---|---|---|---|
| 001 | bg | ||
| 003 | BPK | ||
| 005 | 20200508122806.0 | ||
| 008 | 050505s1971 un f |000 0 rusod | ||
| 040 | _cBPK | ||
| 080 | _a531/534 | ||
| 100 | 1 |
_aMitropolskij, Ûrij Alekseevič _d(1917- ). |
|
| 245 | 0 |
_aMetod usrednenija v nelinejnoj mechanike / _cJ. A. Mitropolskij. |
|
| 260 |
_aKiev, _c1971. |
||
| 650 | 4 | _aMechanika nieliniowa | |
| 856 |
_uhttp://koha.tu.koszalin.pl/cgi-bin/koha/opac-detail.pl?biblionumber=9149 _yKatalog online BPK |
||
| 942 |
_cKS _2UKD |
||
| 999 |
_c9149 _d9149 |
||